Vplyv zrnitostného zloženia pôd na koeficient ich lineárnej rozťažnosti

Podrobná bibliografia
Hlavní autori: Gomboš, Milan, 1958- (Autor), Šútor, Július, 1935-2016 (Autor), Tall, Andrej (Autor)
Médium: Článok
Jazyk:slovenčina
Fyzický popis:Grafy, tab.
ISSN:1335-6291
Predmet:

MARC

LEADER 00000nab a2200000 a 4500
001 vtls000830874
003 SK-MaSNL
005 20260304112851.0
008 250429c2002 xo 0 slo
015 |a SNBRB2003/04-10493 
035 |a CLN000182529 
035 |a urn:nbn:sk:snk-abpwp 
035 |a (urnnbn)urn:nbn:sk:snk:ar-a06lco 
035 |a (uuid)5074f0cc-f3b2-4598-9421-b31486aa9f81 
040 |a SNKBUCL  |b slo  |c SNKBUCL  |e AACR2 
041 0 |a slo 
044 |a xo  |c SK 
080 |a 631.434(437.6):631.442.3/.4  |2 1997 
080 |a 631.442.3/.4(437.6)  |2 1997 
100 1 |a Gomboš, Milan,  |d 1958-  |4 aut  |9 191300 
245 1 0 |a Vplyv zrnitostného zloženia pôd na koeficient ich lineárnej rozťažnosti  |c Milan Gomboš, Július Šútor, Andrej Tall 
300 |b Grafy, tab. 
504 |a Res. angl. 
504 |a Bibliogr. odkazy 
650 0 7 |a ťažké pôdy i  |2 snkbucl  |9 23007 
650 0 7 |a zrnitosť  |2 snkbucl  |9 1000435 
651 7 |a Východoslovenská nížina (Slovensko)  |2 snkbucl  |9 19595 
655 7 |a články z novín a časopisov  |2 snkbucl  |9 267496 
700 1 |a Šútor, Július,  |d 1935-2016  |4 aut  |9 180093 
700 1 |a Tall, Andrej  |4 aut  |9 23016 
773 0 |t Acta hydrologica slovaca  |g Roč. 3, č. 2 (2002), s. 254-263  |x 1335-6291 
850 |a Slovenská národná knižnica 
852 |a Slovenská národná knižnica 
954 |a odborná, vedecká literatúra pôvodná (slovenská)  |2 lita 
958 |a article27 
958 |a NB 
958 |a SK 
958 |a OND 
958 |a EUIPO 
999 |c 2867332  |d 2869262